000 00261nam a2200109Ia 4500
008 240625s9999 xx 000 0 und d
041 _aeng
082 _a658 MAR
100 _aTHOMPSON MARK
245 _aNOW BUILD A GREAT BUSINESS 7 WAYS TO MAX
365 _cRS
_b5
999 _c32856
_d32856